| 000 | 00835nam a22002777a 4500 | ||
|---|---|---|---|
| 003 | CHAP | ||
| 005 | 20220329135749.0 | ||
| 008 | 971013s r 00010 d | ||
| 010 | _a41707 | ||
| 011 | _a42679 | ||
| 035 | _a46808 | ||
| 040 | _cCHAP | ||
| 090 | _aR-62 | ||
| 100 | 0 | 0 |
_aFosberg, Francis Raymond. _942664 |
| 245 | _aCritical notes on Pacific Island plants. II | ||
| 500 | _aSobretiro de : Micronésica 4(2):255-259, 1968 | ||
| 590 |
_aBATCH-UPD _b10 _c20130110 _lUCH01 _h0045 |
||
| 590 |
_aBATCH-UPD _b10 _c20130110 _lUCH01 _h2127 |
||
| 590 |
_aBATCH-UPD _b10 _c20130410 _lUCH01 _h1437 |
||
| 590 |
_aBATCH-UPD _b10 _c20130914 _lUCH01 _h0732 |
||
| 590 |
_aCONVERSION _b10 _c20130109 _lUCH01 _h1323 |
||
| 650 | 1 | 4 |
_aBotánica _xHawaii. _914550 |
| 901 | _aBK | ||
| 942 | _cREIMP | ||
| 949 |
_aR-62 _bBC _cR _d-106604 _eTS1 _i46808 _si |
||
| 999 |
_c41707 _d41707 |
||